000 00523nam a2200181Ia 4500
001 12577
005 20260306162952.0
008 260306t2023||||xx |||||||||||||| ||spa||
041 _aESP
082 _aHR 348
_bENE 2023 SL
110 _aGaceta Jurídica
245 0 _aSoluciones laborales :
_bsistema integral de información para abogados, jefes de recursos humanos, administradores y gerentes
260 _c2023
300 _a288 páginas :
_c25 cm.
650 _aGEN
654 _aCDE
942 _cREV
_dJUS
_fJUS
_2ddc
_n
999 _c12577
_d12577